LEADER 01336nam0-22003611i-450- 001 990003965600403321 005 20100603103015.0 010 $a1-56252-237-x 035 $a000396560 035 $aFED01000396560 035 $a(Aleph)000396560FED01 035 $a000396560 100 $a20030923d1995----km-y0itay50------ba 101 0 $aeng 200 1 $aComputational Methods and Experimental Measurements VII 210 $aBoston$cComputational Mechanics Publications$d1995 300 $a"Seventh International Conference on Computational Methods and Experimental Measurements (CMEM'95)"--Prelim. Organised by University of Naples and Wessex Institute of Technology, Held in Capri in May 1995" 610 0 $atrasmissione del calore 610 0 $ascambi di massa 610 0 $afluidomeccanica 610 0 $avibrazioni 676 $a621.402 702 1$aBrebbia,$bCarlos Alberto 702 1$aCarlomagno,$bGiovanni Maria 710 12$aInternational Conference on Computational Methods and Experimental Measurements$d7.$f<1995 ;$eCapri, Italy>$0434216 801 0$aIT$bUNINA$gRICA$2UNIMARC 901 $aBK 912 $a990003965600403321 952 $a00 A115$b1392$fDETEC 952 $a00 A213$b1404$fDETEC 959 $aDETEC 996 $aComputational Methods and Experimental Measurements VII$9512700 997 $aUNINA